[Event "ISL-chT 1718"]
[Site "Reykjavik"]
[Date "2017.10.21"]
[Round "4.1"]
[White "Einarsson, Arnthor"]
[Black "Kristjansson, Stefan"]
[Result "0-1"]
[WhiteElo "2255"]
[BlackElo "2447"]
[PlyCount "102"]
[EventDate "2017.10.19"]
[EventType "team-tourn"]
[EventRounds "9"]
[EventCountry "ISL"]
[SourceTitle "CBM 181 Extra"]
[Source "ChessBase"]
[SourceDate "2017.12.12"]
[SourceVersion "1"]
[SourceVersionDate "2017.12.12"]
[SourceQuality "1"]
[WhiteTeam "KR CC"]
[BlackTeam "Reykjavik Taflfelag"]
[WhiteTeamCountry "ISL"]
[BlackTeamCountry "ISL"]

1. Nf3 Nf6 2. c4 e6 3. Nc3 Bb4 4. e3 0-0 5. Qc2 d5 6. d4 c5 7. dxc5 Ne4 8. Bd3 Nd7 9. cxd5 exd5 10. 0-0 Bxc3 11. bxc3 Ndxc5 12. Ba3 b6 13. Bxc5 bxc5 14. Bxe4 dxe4 15. Qxe4 Be6 16. Rfd1 Qf6 17. Qe5 Rfc8 18. Rd6 Rab8 19. h3 h6 20. a4 Rb3 21. Rc1 Ra3 22. Ra6 Qxe5 23. Nxe5 Rc7 24. c4 Bc8 25. Rc6 Rxc6 26. Nxc6 Be6 27. Nxa7 Rxa4 28. Nb5 Rxc4 29. Rxc4 Bxc4 30. Nc3 Ba6 31. Na4 c4 32. e4 Kf8 33. f3 Ke7 34. Kf2 Kd6 35. Ke3 Bb5 36. Nc3 Kc5 37. h4 h5 38. g3 Bd7 39. Ne2 g6 40. Nc3 Bh3 41. Na2 Bg2 42. Kf2 Bh1 43. Ke3 f6 44. Nc3 Kb4 45. Nd5+ Kb3 46. Nxf6 c3 47. Nd7 c2 48. Nc5+ Kc3 49. Nd3 Bxf3 50. e5 Bd5 51. Nc1 Bc4 0-1

[Event "ISL-chT 1718"]
[Site "Reykjavik"]
[Date "2017.10.20"]
[Round "2.2"]
[White "Petersson, Baldur Teodor"]
[Black "Kristjansson, Stefan"]
[Result "1/2-1/2"]
[WhiteElo "2113"]
[BlackElo "2447"]
[PlyCount "83"]
[EventDate "2017.10.19"]
[EventType "team-tourn"]
[EventRounds "9"]
[EventCountry "ISL"]
[SourceTitle "CBM 181 Extra"]
[Source "ChessBase"]
[SourceDate "2017.12.12"]
[SourceVersion "1"]
[SourceVersionDate "2017.12.12"]
[SourceQuality "1"]
[WhiteTeam "Gardabaer"]
[BlackTeam "Reykjavik Taflfelag"]
[WhiteTeamCountry "ISL"]
[BlackTeamCountry "ISL"]

1. e4 d5 2. exd5 Qxd5 3. Nc3 Qa5 4. d4 Nf6 5. Nf3 Bg4 6. Be2 Nbd7 7. Bf4 e6 8. Ne5 Nxe5 9. Bxe5 Bf5 10. 0-0 Bd6 11. Bb5+ Kf8 12. Qe2 Rd8 13. Rad1 c6 14. Bxd6+ Rxd6 15. Qe5 Qc7 16. Bd3 Ng4 17. Qg3 Bxd3 18. Rxd3 h5 19. Ne4 Rd7 20. Nc5 Re7 21. Rb3 b6 22. Na6 Qxg3 23. hxg3 Rd7 24. Nb8 Rxd4 25. Nxc6 Rc4 26. Nxa7 Rxc2 27. Rxb6 Ke7 28. Nc6+ Kf6 29. a4 Rc8 30. Nb4 R2c5 31. Nd3 Ra5 32. b3 Rd8 33. Nb4 Rd2 34. Nc6 Rf5 35. Rb4 g5 36. a5 Ra2 37. Rc4 Rb5 38. b4 Ra4 39. Re4 Ne5 40. Nxe5 Rxe5 41. Rxe5 Kxe5 42. Rb1 1/2-1/2

[Event "ISL-chT 1617"]
[Site "Reykjavik"]
[Date "2017.03.02"]
[Round "6.2"]
[White "Kristjansson, Stefan"]
[Black "Einarsson, Arnthor"]
[Result "1-0"]
[WhiteElo "2459"]
[BlackElo "2257"]
[PlyCount "83"]
[EventDate "2016.09.29"]
[EventType "team-tourn"]
[EventRounds "9"]
[EventCountry "ISL"]
[SourceTitle "EXT 2018"]
[Source "ChessBase"]
[SourceDate "2017.10.13"]
[SourceVersion "1"]
[SourceVersionDate "2017.10.13"]
[SourceQuality "1"]
[WhiteTeam "Reykjavik"]
[BlackTeam "KR CC"]
[WhiteTeamCountry "ISL"]
[BlackTeamCountry "ISL"]

1. e4 d6 2. d4 g6 3. Nc3 Bg7 4. h3 Nf6 5. Nf3 0-0 6. Be3 c6 7. a4 a5 8. Qd2 Na6 9. Be2 Nb4 10. 0-0 e5 11. Rfe1 Qe7 12. Bf1 Re8 13. Bg5 Qf8 14. d5 h6 15. Be3 cxd5 16. exd5 Bf5 17. Rac1 Rec8 18. Bb5 Rxc3 19. Qxc3 Nfxd5 20. Qd2 Nxe3 21. Rxe3 h5 22. c3 Nc6 23. Rd1 Bh6 24. Qxd6 Bxe3 25. Qxf8+ Kxf8 26. fxe3 f6 27. Nh4 Be4 28. Rd7 Ne7 29. Nf3 Rb8 30. Nd2 Bd5 31. Rd6 f5 32. Nf3 Bxf3 33. gxf3 h4 34. Kf2 Kg7 35. f4 exf4 36. exf4 Ng8 37. Rb6 Ne7 38. Ba6 Nd5 39. Rxb7+ Rxb7 40. Bxb7 Nxf4 41. Ke3 g5 42. b4 1-0

[Event "Reykjavik op"]
[Site "Reykjavik"]
[Date "2016.03.15"]
[Round "9"]
[White "Kristjansson, Stefan"]
[Black "Karlsson, Mikael Johann"]
[Result "1-0"]
[WhiteElo "2478"]
[BlackElo "2164"]
[PlyCount "39"]
[EventDate "2016.03.08"]
[EventType "swiss"]
[EventRounds "10"]
[EventCountry "ISL"]
[SourceTitle "CBM 171 Extra"]
[Source "ChessBase"]
[SourceDate "2016.04.26"]
[SourceVersion "1"]
[SourceVersionDate "2016.04.26"]
[SourceQuality "1"]

1. e4 c5 2. c3 Nf6 3. e5 Nd5 4. Bc4 Nb6 5. Bb3 Nc6 6. Nf3 e6 7. d4 cxd4 8. cxd4 d6 9. exd6 Qxd6 10. Nc3 Ne7 11. 0-0 g6 12. Ne4 Qc7 13. Nf6+ Kd8 14. Bg5 Nbd5 15. Rc1 Qa5 16. Ne5 Nxf6 17. Bxf6 Rg8 18. d5 Ke8 19. dxe6 fxe6 20. Rxc8+ 1-0

[Event "Reykjavik op"]
[Site "Reykjavik"]
[Date "2016.03.13"]
[Round "7"]
[White "Kristjansson, Stefan"]
[Black "Melkumyan, Hrant"]
[Result "1/2-1/2"]
[WhiteElo "2478"]
[BlackElo "2653"]
[PlyCount "151"]
[EventDate "2016.03.08"]
[EventType "swiss"]
[EventRounds "10"]
[EventCountry "ISL"]
[SourceTitle "CBM 171 Extra"]
[Source "ChessBase"]
[SourceDate "2016.04.26"]
[SourceVersion "1"]
[SourceVersionDate "2016.04.26"]
[SourceQuality "1"]

1. e4 c6 2. d4 d5 3. Nc3 dxe4 4. Nxe4 Bf5 5. Ng3 Bg6 6. Nh3 Nd7 7. Nf4 Ngf6 8. Bc4 e6 9. h4 Bd6 10. h5 Be4 11. Nxe4 Nxe4 12. Qf3 Ng5 13. Qg4 h6 14. Nh3 Nf6 15. Qe2 Nge4 16. 0-0 Qa5 17. Re1 0-0-0 18. c3 Bb8 19. b4 Qc7 20. Bf4 Qe7 21. Qf3 Bxf4 22. Nxf4 Ng5 23. Qe2 Qc7 24. Nd3 Nge4 25. Rac1 Kb8 26. Ne5 Nd6 27. Bd3 Nd7 28. f4 Nf6 29. Qf3 Rhe8 30. a4 Nd5 31. Re2 Nf5 32. Bc4 Ka8 33. a5 a6 34. g3 Nd6 35. Bd3 Nb5 36. Be4 f5 37. Bb1 Ndxc3 38. Rxc3 Nxd4 39. Qf2 Nxe2+ 40. Qxe2 Qd6 41. Rb3 Qd1+ 42. Qxd1 Rxd1+ 43. Kf2 Red8 44. Bd3 Rc1 45. Be2 Ka7 46. Re3 Rd4 47. Nd3 Rc2 48. Nc5 Rxb4 49. Nxe6 b6 50. axb6+ Kxb6 51. Nxg7 a5 52. Nxf5 a4 53. Ra3 Ka5 54. Ne3 Rcb2 55. Rc3 R4b3 56. Rxc6 a3 57. Nc4+ Kb5 58. Rb6+ Kc5 59. Rxh6 Rxe2+ 60. Kxe2 Kxc4 61. g4 a2 62. Ra6 Rh3 63. g5 Rxh5 64. Kf3 Kb3 65. Ke4 Rh1 66. g6 a1Q 67. Rxa1 Rxa1 68. f5 Rg1 69. Ke5 Kc4 70. Kf6 Kd5 71. Kg7 Ke5 72. f6 Kf5 73. f7 Rxg6+ 74. Kh7 Rf6 75. Kg7 Rxf7+ 76. Kxf7 1/2-1/2

[Event "ISL-chT 1516"]
[Site "Reykjavik"]
[Date "2016.03.03"]
[Round "6.1"]
[White "Kristjansson, Stefan"]
[Black "Baldursson, Hrannar"]
[Result "0-1"]
[WhiteElo "2485"]
[BlackElo "2149"]
[PlyCount "68"]
[EventDate "2015.09.24"]
[EventType "team-tourn"]
[EventRounds "9"]
[EventCountry "ISL"]
[SourceTitle "EXT 2017"]
[Source "ChessBase"]
[SourceDate "2016.10.25"]
[SourceVersion "1"]
[SourceVersionDate "2016.10.25"]
[SourceQuality "1"]
[WhiteTeam "Huginn"]
[BlackTeam "KR CC"]
[WhiteTeamCountry "ISL"]
[BlackTeamCountry "ISL"]

1. e4 d6 2. d4 Nf6 3. Nc3 c6 4. Nf3 Bg4 5. h3 Bxf3 6. Qxf3 Nbd7 7. g4 g6 8. g5 Nh5 9. Be3 Bg7 10. 0-0-0 Qa5 11. Kb1 0-0 12. h4 e6 13. Bh3 c5 14. dxc5 Bxc3 15. bxc3 Qb5+ 16. Ka1 Ne5 17. Qg2 dxc5 18. Rb1 Qa5 19. Rb3 Rfd8 20. f4 Nc4 21. Bc1 Rd6 22. f5 exf5 23. exf5 Rad8 24. Bg4 Nd2 25. Rxb7 Qxc3+ 26. Bb2 Qxc2 27. Qh2 Rb6 28. Rxb6 axb6 29. Bf3 Qxf5 30. Bxh5 gxh5 31. Bf6 Qc2 32. Qh3 Ra8 33. Bb2 Nb3+ 34. Qxb3 Qxb3 0-1

[Event "ISL-chT 1516"]
[Site "Reykjavik"]
[Date "2015.09.26"]
[Round "4.2"]
[White "Kristjansson, Stefan"]
[Black "Sigurjonsson, Stefan Thor"]
[Result "0-1"]
[WhiteElo "2485"]
[BlackElo "2118"]
[PlyCount "132"]
[EventDate "2015.09.24"]
[EventType "team-tourn"]
[EventRounds "9"]
[EventCountry "ISL"]
[SourceTitle "EXT 2017"]
[Source "ChessBase"]
[SourceDate "2016.10.25"]
[SourceVersion "1"]
[SourceVersionDate "2016.10.25"]
[SourceQuality "1"]
[WhiteTeam "Huginn"]
[BlackTeam "The Viking"]
[WhiteTeamCountry "ISL"]
[BlackTeamCountry "ISL"]

1. e4 e6 2. d3 d5 3. Nd2 dxe4 4. dxe4 Bc5 5. g3 Nc6 6. Ngf3 Nf6 7. Bg2 0-0 8. 0-0 e5 9. c3 Bg4 10. h3 Bh5 11. Qb3 Rb8 12. Re1 Qd7 13. Nh4 Qd3 14. Nf1 a5 15. g4 Bg6 16. Nf5 Rfd8 17. Bg5 Qd7 18. Bxf6 gxf6 19. Rad1 Qe6 20. Rd5 Bb6 21. Red1 Qe8 22. N5e3 Ne7 23. Rxd8 Rxd8 24. Nc4 Rxd1 25. Qxd1 Kg7 26. Nxb6 cxb6 27. Ne3 Qc6 28. Qd8 Ng8 29. Qd5 Ne7 30. Qxc6 bxc6 31. f3 Kf8 32. Bf1 Ke8 33. Nc4 Nc8 34. a4 Kd7 35. Kf2 Kc7 36. b4 axb4 37. cxb4 Ne7 38. Ke3 b5 39. Nb2 bxa4 40. Nxa4 Nc8 41. Nb2 Nb6 42. Be2 Nc8 43. Nc4 Ne7 44. f4 exf4+ 45. Kxf4 Kd7 46. h4 h6 47. Ne3 Nc8 48. Nc4 Ne7 49. h5 Bh7 50. Bd1 Kc7 51. Bb3 Kd7 52. Ne3 Ke8 53. e5 fxe5+ 54. Kxe5 Kf8 55. Ba4 Bd3 56. Kd6 Be4 57. Ke5 Bf3 58. Bc2 Be2 59. Be4 Bb5 60. Kd6 Nc8+ 61. Kc7 Ne7 62. Kd6 Nc8+ 63. Kc7 Ne7 64. Kd8 Be2 65. Kd7 Nd5 66. Nxd5 cxd5 0-1

[Event "ISL-chT 1415"]
[Site "Reykjavik"]
[Date "2015.03.19"]
[Round "6.5"]
[White "Gislason, Magnus"]
[Black "Kristjansson, Stefan"]
[Result "0-1"]
[WhiteElo "2042"]
[BlackElo "2490"]
[PlyCount "74"]
[EventDate "2014.10.02"]
[EventType "team-tourn"]
[EventRounds "9"]
[EventCountry "ISL"]
[SourceTitle "EXT 2016"]
[Source "ChessBase"]
[SourceDate "2015.10.08"]
[SourceVersion "1"]
[SourceVersionDate "2015.10.08"]
[SourceQuality "1"]
[WhiteTeam "Island"]
[BlackTeam "Huginn"]
[WhiteTeamCountry "ISL"]
[BlackTeamCountry "ISL"]

1. c4 e5 2. Nc3 Nf6 3. Nf3 Nc6 4. g3 Bb4 5. Bg2 0-0 6. 0-0 Re8 7. d3 e4 8. Nxe4 Nxe4 9. dxe4 Rxe4 10. Qc2 Re8 11. e3 Qf6 12. a3 Bf8 13. Bd2 d6 14. Bc3 Qh6 15. b3 Qh5 16. Rad1 Bf5 17. Qb2 Be4 18. Nh4 Bxg2 19. Kxg2 Ne5 20. Bxe5 Rxe5 21. Nf3 Rf5 22. Ng1 Re8 23. Rd3 b5 24. Rc1 bxc4 25. Rxc4 c5 26. Qe2 Qg6 27. Qd2 d5 28. Rc2 Qc6 29. f3 Rfe5 30. Qc1 Qa6 31. Rcd2 c4 32. bxc4 dxc4 33. Rc3 Rxe3 34. Rxe3 Rxe3 35. Rc2 Rxa3 36. Rxc4 Ra1 37. Qc3 Ra2+ 0-1

[Event "Reykjavik op"]
[Site "Reykjavik"]
[Date "2015.03.15"]
[Round "7"]
[White "Kristjansson, Stefan"]
[Black "Ni, Shiqun"]
[Result "1/2-1/2"]
[WhiteElo "2482"]
[BlackElo "2315"]
[PlyCount "123"]
[EventDate "2015.03.10"]
[EventType "swiss"]
[EventRounds "10"]
[EventCountry "ISL"]
[SourceTitle "CBM 165 Extra"]
[Source "ChessBase"]
[SourceDate "2015.04.21"]
[SourceVersion "1"]
[SourceVersionDate "2015.04.21"]
[SourceQuality "1"]

1. e4 e5 2. Nf3 Nf6 3. Nc3 Bb4 4. Nxe5 0-0 5. Nd3 Bxc3 6. dxc3 Nxe4 7. Be3 Re8 8. Be2 d6 9. 0-0 Nc6 10. Re1 Bf5 11. Bf1 Qd7 12. f3 Nf6 13. Bg5 Rxe1 14. Qxe1 Re8 15. Qf2 Nd5 16. Rd1 h6 17. Bd2 a5 18. a3 Nb6 19. b3 Qe7 20. c4 Nd7 21. c5 Nxc5 22. Nxc5 dxc5 23. Re1 Be6 24. Bb5 Qd6 25. Bxa5 Ra8 26. Bc3 Nd4 27. a4 Bf5 28. Bc4 Rd8 29. Qh4 Nxc2 30. Qe7 Bg6 31. Re6 Qxe7 32. Rxe7 Na3 33. Be2 Nb1 34. Be5 Nd2 35. Bxc7 Rc8 36. Bd1 c4 37. bxc4 Nxc4 38. Bf4 Nb2 39. Bb3 Ra8 40. Rxb7 Nxa4 41. Be3 Nb2 42. g4 h5 43. h3 Re8 44. Ba7 Nd3 45. Kh2 h4 46. Rb8 Kf8 47. Rxe8+ Kxe8 48. Be3 f6 49. f4 Be4 50. Kg1 Nb4 51. f5 Nd5 52. Bd2 Ne7 53. Bc1 g5 54. fxg6 Nxg6 55. Kf2 Kf8 56. Bd2 Kg7 57. Be6 Ne7 58. Bc3 Kg6 59. Bd7 Bc6 60. Bxc6 Nxc6 61. Ke3 f5 62. Kf4 1/2-1/2

[Event "Reykjavik op"]
[Site "Reykjavik"]
[Date "2015.03.14"]
[Round "6"]
[White "Vuilleumier, Alexandre"]
[Black "Kristjansson, Stefan"]
[Result "1/2-1/2"]
[WhiteElo "2349"]
[BlackElo "2482"]
[PlyCount "97"]
[EventDate "2015.03.10"]
[EventType "swiss"]
[EventRounds "10"]
[EventCountry "ISL"]
[SourceTitle "CBM 165 Extra"]
[Source "ChessBase"]
[SourceDate "2015.04.21"]
[SourceVersion "1"]
[SourceVersionDate "2015.04.21"]
[SourceQuality "1"]

1. e4 c5 2. Nf3 e6 3. c3 d5 4. exd5 exd5 5. Bb5+ Bd7 6. Qe2+ Be7 7. 0-0 Nf6 8. Re1 c4 9. Na3 a6 10. Bxd7+ Qxd7 11. Nc2 Nc6 12. Ncd4 Nxd4 13. cxd4 Ne4 14. b3 b5 15. bxc4 bxc4 16. Ne5 Qc7 17. Nxc4 0-0 18. Ne3 Qd7 19. f3 Nd6 20. Ba3 Rfe8 21. Qd3 Bh4 22. g3 Bg5 23. f4 Bd8 24. Bxd6 Qxd6 25. Nf5 Qd7 26. Rxe8+ Qxe8 27. Ne3 Qd7 28. Rc1 Bb6 29. Kg2 h5 30. Qf5 Qxf5 31. Nxf5 g6 32. Rc6 Rb8 33. Ne7+ Kf8 34. Nxd5 Bxd4 35. Rc4 Ba7 36. Rc7 Rd8 37. Rxa7 Rxd5 38. Rxa6 Rxd2+ 39. Kg1 Rd1+ 40. Kg2 Rd2+ 41. Kh3 Kg7 42. a4 Ra2 43. a5 f6 44. Ra7+ Kh6 45. Rf7 Rxa5 46. Rxf6 Kg7 47. Rd6 g5 48. Rb6 Rc5 49. fxg5 1/2-1/2

[Event "Reykjavik op"]
[Site "Reykjavik"]
[Date "2015.03.11"]
[Round "3"]
[White "Wahedi, Ahmad Siar"]
[Black "Kristjansson, Stefan"]
[Result "0-1"]
[WhiteElo "2287"]
[BlackElo "2482"]
[PlyCount "148"]
[EventDate "2015.03.10"]
[EventType "swiss"]
[EventRounds "10"]
[EventCountry "ISL"]
[SourceTitle "CBM 165 Extra"]
[Source "ChessBase"]
[SourceDate "2015.04.21"]
[SourceVersion "1"]
[SourceVersionDate "2015.04.21"]
[SourceQuality "1"]

1. e4 c5 2. a3 g6 3. h4 h5 4. Bc4 Bg7 5. d3 e6 6. Nc3 Ne7 7. Nge2 Nbc6 8. Ba2 d6 9. Bf4 a6 10. Qd2 b5 11. 0-0 Nd4 12. Bg5 Qb6 13. Nxd4 cxd4 14. Ne2 Nc6 15. Rae1 Bd7 16. f4 f6 17. f5 gxf5 18. exf5 e5 19. Nf4 Ne7 20. Ne6 Bxe6 21. Bxe6 Ra7 22. Qe2 Rc7 23. Bc1 Qc6 24. Rf2 Kf8 25. g4 hxg4 26. Qxg4 Nd5 27. Rg2 Ne3 28. Rxe3 dxe3 29. Bxe3 Qe8 30. Qb4 Qc6 31. Qg4 Qe8 32. Bb6 Re7 33. Bf2 Qh5 34. Qb4 Qd1+ 35. Kh2 Bh6 36. Rg6 Qf1 37. Kg3 Qh1 38. Rxf6+ Ke8 39. Rxh6 Rxh6 40. Qg4 Rexe6 41. fxe6 Rf6 42. d4 exd4 43. h5 Ke7 44. Bxd4 Qe1+ 45. Kh2 Rxe6 46. Qg7+ Ke8 47. Qg8+ Kd7 48. Qf7+ Re7 49. Qf5+ Kc7 50. Kg2 Qd2+ 51. Bf2 Rg7+ 52. Kh3 Qc1 53. Qf3 Qxb2 54. h6 Rh7 55. Qe3 Qxc2 56. Qa7+ Kd8 57. Bh4+ Ke8 58. Qb8+ Kd7 59. Qd8+ Ke6 60. Qf6+ Kd5 61. Bg3 Rd7 62. Qf8 Qg6 63. Qf3+ Qe4 64. Qc3 Qe6+ 65. Kg2 Qe4+ 66. Kh3 Re7 67. Qd2+ Ke6 68. Qxd6+ Kf7 69. Bf4 Qe6+ 70. Kh4 Qxd6 71. Bxd6 Rd7 72. Be5 Kg6 73. Bg7 Rd3 74. Bf8 Rf3 0-1

[Event "ISL-chT 1314"]
[Site "Reykjavik"]
[Date "2014.02.28"]
[Round "7.4"]
[White "Kristjansson, Stefan"]
[Black "Edvardsson, Kristjan"]
[Result "1-0"]
[WhiteElo "2491"]
[BlackElo "2212"]
[PlyCount "75"]
[EventDate "2013.10.10"]
[EventType "team-tourn"]
[EventRounds "9"]
[EventCountry "ISL"]
[SourceTitle "EXT 2015"]
[Source "ChessBase"]
[SourceDate "2014.11.20"]
[SourceVersion "1"]
[SourceVersionDate "2014.11.20"]
[SourceQuality "1"]
[WhiteTeam "Vikingaklubburinn"]
[BlackTeam "Hellir II"]
[WhiteTeamCountry "ISL"]
[BlackTeamCountry "ISL"]

1. e4 d6 2. d4 Nf6 3. Nc3 g6 4. Be3 c6 5. h3 b5 6. Bd3 e5 7. dxe5 dxe5 8. Nf3 Nbd7 9. 0-0 Bb7 10. a4 a6 11. Ne2 Qe7 12. Ng3 Rd8 13. axb5 cxb5 14. c4 b4 15. c5 Nxc5 16. Bxc5 Qxc5 17. Qa4+ Qc6 18. Qxc6+ Bxc6 19. Nxe5 Bb5 20. Bxb5+ axb5 21. Ra7 Bc5 22. Rb7 0-0 23. Rxb5 Bd6 24. Nc6 Rc8 25. Rc1 Rfe8 26. e5 Rxe5 27. Rxe5 Rxc6 28. Re8+ Nxe8 29. Rxc6 f5 30. Nf1 Kf7 31. Ne3 Be5 32. b3 Nf6 33. Rc4 Bc3 34. Nd1 Nd5 35. Nxc3 bxc3 36. Kf1 g5 37. g3 Ke6 38. Ke2 1-0

[Event "ISL-chT 1314"]
[Site "Reykjavik"]
[Date "2013.10.11"]
[Round "2.5"]
[White "Kristjansson, Stefan"]
[Black "Olafsson, Thorvadur F"]
[Result "1/2-1/2"]
[WhiteElo "2491"]
[BlackElo "2266"]
[PlyCount "114"]
[EventDate "2013.10.10"]
[EventType "team-tourn"]
[EventRounds "9"]
[EventCountry "ISL"]
[SourceTitle "EXT 2014"]
[Source "ChessBase"]
[SourceDate "2013.11.20"]
[SourceVersion "1"]
[SourceVersionDate "2013.11.20"]
[SourceQuality "1"]
[WhiteTeam "Vikingaklubburinn"]
[BlackTeam "Reykjavik"]
[WhiteTeamCountry "ISL"]
[BlackTeamCountry "ISL"]

1. e4 e5 2. Nf3 Nc6 3. Bc4 Bc5 4. c3 Nf6 5. d3 a6 6. Bb3 Ba7 7. 0-0 d6 8. Be3 0-0 9. Nbd2 Ne7 10. Bxa7 Rxa7 11. d4 Ng6 12. Re1 Qe7 13. Nf1 Ra8 14. Ne3 Bg4 15. Nxg4 Nxg4 16. dxe5 dxe5 17. g3 Rfd8 18. Qe2 Rd6 19. Rad1 Rad8 20. Rxd6 Rxd6 21. Rd1 h6 22. Rxd6 cxd6 23. Nh4 Qg5 24. Qc4 Qc1+ 25. Qf1 Qxf1+ 26. Kxf1 Nxh4 27. gxh4 Nxh2+ 28. Ke2 Ng4 29. Bd5 b6 30. Bb7 a5 31. f3 Nf6 32. Kd3 Ne8 33. b4 Kf8 34. Kc4 Nc7 35. bxa5 bxa5 36. Bc6 h5 37. Bd7 Ne6 38. Kb5 a4 39. Kb4 Nc5 40. Bh3 Ke7 41. a3 Kf6 42. Kb5 Ke7 43. Bf1 f6 44. Bh3 g5 45. hxg5 fxg5 46. Kb4 Kd8 47. Kc4 Kc7 48. Bf5 Kc6 49. Bh3 g4 50. fxg4 hxg4 51. Bxg4 Nxe4 52. Bf3 d5+ 53. Kb4 Nc5 54. c4 Nd3+ 55. Ka5 e4 56. cxd5+ Kxd5 57. Bxe4+ Kxe4 1/2-1/2

[Event "ISL-ch op"]
[Site "Reykjavik"]
[Date "2013.06.06"]
[Round "8"]
[White "Kristjansson, Stefan"]
[Black "Stefansson, Hannes"]
[Result "0-1"]
[WhiteElo "2494"]
[BlackElo "2507"]
[PlyCount "80"]
[EventDate "2013.05.31"]
[EventType "swiss"]
[EventRounds "10"]
[EventCountry "ISL"]
[SourceTitle "CBM 154 Extra"]
[Source "ChessBase"]
[SourceDate "2013.06.25"]
[SourceVersion "2"]
[SourceVersionDate "2013.06.25"]
[SourceQuality "1"]

1. e4 e5 2. Nf3 Nc6 3. Bc4 Bc5 4. c3 Nf6 5. d3 0-0 6. Bb3 d5 7. Qe2 h6 8. h3 Be6 9. g4 dxe4 10. dxe4 Nh7 11. Nbd2 Re8 12. Nf1 Qd7 13. Ne3 Bxe3 14. Bxe3 Bxb3 15. axb3 Rad8 16. b4 a6 17. Nd2 Qe6 18. h4 Qg6 19. 0-0-0 Nf8 20. Qf3 Ne6 21. g5 h5 22. Nf1 Rxd1+ 23. Kxd1 Nf4 24. Ng3 Qe6 25. Bxf4 Qb3+ 26. Ke1 exf4 27. Qxf4 Qxb2 28. Qd2 Qb3 29. Kf1 Rd8 30. Qe3 Ne5 31. Kg2 Ng4 32. Qf4 g6 33. Qxc7 Rd2 34. Rf1 Ne3+ 35. Kg1 Nxf1 36. Nxf1 Qd1 37. Qb8+ Kg7 38. Qe5+ Kh7 39. Kg2 Qg4+ 40. Ng3 Rd3 0-1

[Event "ISL-chT 1213"]
[Site "Reykjavik"]
[Date "2013.03.02"]
[Round "6.6"]
[White "Bjornsson, Sigurbjorn"]
[Black "Kristjansson, Stefan"]
[Result "1/2-1/2"]
[WhiteElo "2401"]
[BlackElo "2473"]
[PlyCount "51"]
[EventDate "2012.10.05"]
[EventType "team-tourn"]
[EventRounds "7"]
[EventCountry "ISL"]
[SourceTitle "EXT 2014"]
[Source "ChessBase"]
[SourceDate "2013.11.20"]
[SourceVersion "1"]
[SourceVersionDate "2013.11.20"]
[SourceQuality "1"]
[WhiteTeam "Taflfelag Vestmannaeyja"]
[BlackTeam "Vikingaklubburinn"]
[WhiteTeamCountry "ISL"]
[BlackTeamCountry "ISL"]

1. e4 c5 2. Nf3 e6 3. d4 cxd4 4. Nxd4 Nc6 5. Nc3 Qc7 6. Be3 a6 7. Qd2 Nf6 8. 0-0-0 Bb4 9. f3 0-0 10. g4 b5 11. g5 Nh5 12. Nde2 f5 13. Ng3 f4 14. Nxh5 fxe3 15. Qxe3 Ne5 16. f4 Bxc3 17. bxc3 Ng6 18. Qd4 Rf7 19. f5 Nf4 20. Nxf4 Qxf4+ 21. Kb1 exf5 22. Bd3 Bb7 23. Rhf1 Qxg5 24. Rxf5 Rxf5 25. exf5 Qe7 26. Rg1 1/2-1/2

[Event "ISL-chT 1213"]
[Site "Reykjavik"]
[Date "2013.03.01"]
[Round "5.6"]
[White "Jensson, Einar Hjalti"]
[Black "Kristjansson, Stefan"]
[Result "0-1"]
[WhiteElo "2312"]
[BlackElo "2473"]
[PlyCount "148"]
[EventDate "2012.10.05"]
[EventType "team-tourn"]
[EventRounds "7"]
[EventCountry "ISL"]
[SourceTitle "EXT 2014"]
[Source "ChessBase"]
[SourceDate "2013.11.20"]
[SourceVersion "1"]
[SourceVersionDate "2013.11.20"]
[SourceQuality "1"]
[WhiteTeam "Godinn Matar"]
[BlackTeam "Vikingaklubburinn"]
[WhiteTeamCountry "ISL"]
[BlackTeamCountry "ISL"]

1. d4 Nf6 2. c4 e6 3. Nc3 Bb4 4. e3 c5 5. Nge2 b6 6. a3 Ba5 7. Bd2 0-0 8. Rc1 Bb7 9. Ng3 d5 10. cxd5 cxd4 11. exd4 Bxc3 12. bxc3 Qxd5 13. f3 e5 14. Bd3 exd4 15. 0-0 Ba6 16. c4 Qd8 17. Re1 Nbd7 18. Nf5 Re8 19. Nxd4 Ne5 20. Bc3 Nxd3 21. Qxd3 Rc8 22. Rxe8+ Nxe8 23. Bb2 Nd6 24. Nb5 Nxc4 25. Qxd8+ Rxd8 26. Rxc4 Bxb5 27. Rc7 f6 28. Bc1 Rd3 29. Kf2 a5 30. h4 h5 31. Rb7 Rc3 32. Rxb6 Rc2+ 33. Ke3 Bf1 34. Bd2 a4 35. Rb4 Bxg2 36. Kd3 Ra2 37. Rxa4 Bxf3 38. Ra7 Bc6 39. Ra5 Be8 40. Ra8 Kf7 41. Ke3 Ra1 42. Bb4 Rh1 43. Ra7+ Kg6 44. Bf8 Bf7 45. Ra4 Kh7 46. Rd4 g5 47. hxg5 fxg5 48. Kf2 Kg6 49. Be7 Rh2+ 50. Kg1 Re2 51. Rd6+ Be6 52. Kf1 Re5 53. Rb6 h4 54. a4 Kh5 55. Kf2 Bd7 56. Bf6 Rf5+ 57. Kg1 Bxa4 58. Bg7 Rc5 59. Rb4 Bc6 60. Bd4 Rc1+ 61. Kf2 g4 62. Rb8 g3+ 63. Ke3 g2 64. Kd2 Rf1 65. Rc8 Bf3 66. Rg8 Bg4 67. Rh8+ Kg6 68. Be3 h3 69. Rg8+ Kf7 70. Rxg4 h2 71. Rxg2 h1Q 72. Re2 Qd5+ 73. Kc3 Rb1 74. Rf2+ Ke6 0-1

[Event "ISL-chT 1213"]
[Site "Reykjavik"]
[Date "2012.10.06"]
[Round "2.3"]
[White "Kristjansson, Stefan"]
[Black "Arnason, Jon Loftur"]
[Result "1-0"]
[WhiteElo "2473"]
[BlackElo "2502"]
[PlyCount "157"]
[EventDate "2012.10.05"]
[EventType "team-tourn"]
[EventRounds "7"]
[EventCountry "ISL"]
[SourceTitle "EXT 2013"]
[Source "ChessBase"]
[SourceDate "2012.11.22"]
[SourceVersion "1"]
[SourceVersionDate "2012.11.22"]
[SourceQuality "1"]
[WhiteTeam "Vikingaklubburinn"]
[BlackTeam "Taflfelag Bolungarvikur"]
[WhiteTeamCountry "ISL"]
[BlackTeamCountry "ISL"]

1. e4 c5 2. Nc3 d6 3. f4 g6 4. Nf3 Bg7 5. Bc4 Nc6 6. 0-0 e6 7. d3 Nge7 8. Qe1 a6 9. a3 Nd4 10. Nxd4 cxd4 11. Ne2 d5 12. Ba2 dxe4 13. dxe4 Qb6 14. Kh1 Bd7 15. f5 exf5 16. exf5 Bxf5 17. Ng3 Qf6 18. Nxf5 gxf5 19. Qb4 0-0 20. Qxb7 Rac8 21. Bd2 Ng6 22. Bb4 Rfe8 23. Bb3 Ne5 24. h3 Rb8 25. Qa7 f4 26. Qxd4 f3 27. Qf2 Qh6 28. Bc3 Kh8 29. Rae1 Bf6 30. Bxe5 fxg2+ 31. Qxg2 Rxe5 32. Rxe5 Bxe5 33. Bxf7 Bxb2 34. Rb1 Rf8 35. Rg1 Qg7 36. Qxg7+ Bxg7 37. Bd5 Bd4 38. Rg4 Bc5 39. a4 a5 40. Rc4 Rc8 41. Rg4 h6 42. Rg6 Be3 43. c4 Rb8 44. Kg2 Rb4 45. Kf3 Bc1 46. c5 Rf4+ 47. Ke2 Rxa4 48. c6 Bf4 49. Rxh6+ Kg7 50. Rh4 Rd4 51. Rg4+ Kh6 52. c7 Rd2+ 53. Ke1 Rc2 54. Rxf4 Rxc7 55. h4 Rc5 56. Bf3 Rb5 57. Rf6+ Kg7 58. Ra6 Rb4 59. h5 Rf4 60. h6+ Kh8 61. Ke2 Rf8 62. Be4 a4 63. Rxa4 Re8 64. Ke3 Rf8 65. Ra7 Rb8 66. Kf4 Rf8+ 67. Bf5 Re8 68. Ra1 Rb8 69. Be6 Kh7 70. Ke5 Rf8 71. Bf5+ Kh8 72. h7 Re8+ 73. Be6 Rf8 74. Rg1 Rf2 75. Bf5 Rg2 76. Rd1 Re2+ 77. Be4 Rh2 78. Rd8+ Kg7 79. Rg8+ 1-0